000 00614cam a2200229u 4500
999 _c5659
_d5659
001 5659
003 BD-JhCC
005 20180305105316.0
008 810115s1965 xx 000 0 spa
035 _a(BD-JhCC)5659
040 _aDLC
_cCarP
_dDLC
_dBD-JhCC
041 _aeng
050 0 0 _aQA154
_b.V187
082 _a512
_bVEN 1964
100 1 _aVance, Elbridge Putnam,
_d1915- [from old catalog]
245 1 0 _aModern college algebra /
_cElbridge P. Vance
260 _aReading,
_bMass., Addison-Wesley Pub. Co.
_c[1965]
300 _a260 p.
_c21 cm.
650 0 _aAlgebra.
942 _2ddc
_cBK